| 000 | 00713nam a22002055i 4500 | ||
|---|---|---|---|
| 001 | 165584 | ||
| 003 | ES-MaACL | ||
| 005 | 20230906213152.0 | ||
| 008 | 991221s1855 sp |||| | spa d | ||
| 040 |
_aCCPB | B _bspa _cCCPB | B |
||
| 100 | 1 |
_aSota, Pío de la ( _dm. 1893) _9132838 |
|
| 245 | 1 | 0 |
_aDon Jaime I y el obispo de Girona _b: leyenda tradicional / _cpor Pio de la Sota. |
| 260 |
_aMadrid : _b[s.n.], _c1855 ( _fEstablecimiento tipográfico de Mellado) |
||
| 300 |
_a66 p. ; _c19 cm. |
||
| 490 | 1 | _aMil y una novelas | |
| 752 |
_aEspaña - _dMadrid |
||
| 830 | 0 |
_aMil y una novelas _9188557 |
|
| 852 |
_aES-MaACL _jD-3742(2) _z-- Enc. cartón _z-- Legado M. de la Fuente |
||
| 999 |
_c165584 _d165584 |
||